000 01039nam a22003737a 4500
001 0041141
003 KOHA_MİRAKIL
005 20260207003226.0
007 ta
008 130730b2011 tu |||gr||||#||||0|tur |
020 _a9789754377804
040 _aTR-BiSEU
_btur
_cTR-BiSEU
_erda
041 0 _atur
044 _ctu
050 _aD568.3
_b.K55 2011
100 1 _aKılıç, Erol.
245 1 _aÇanakkale Savaşları Günlüğü/
_cErol Kılıç ; Erol Kılıç.
250 _a3. Basım
264 1 _aİstanbul :
_bÖtüken Yayınları
_c2011
300 _a219 sayfa ;
_c20 cm.
336 _ametin
_btxt
_2rdacontent
337 _aaracısız
_bn
_2rdamedia
338 _acilt
_bnc
_2rdacarrier
490 1 _aYayın ;
_vNu.
490 1 _a825.
490 1 _aKültür Serisi ;
_v429.
500 _aKaynakça var.
500 _aDizin var.
650 0 _aÇanakkale Savaşları, 1915.
_976333
830 1 _aYayın ;
_vNu.
_91557
830 1 _a825.
_95501
830 1 _aKültür Serisi ;
_v429.
_96554
942 _2lcc
_cBK
999 _c41000
_d41000